000 00443nam a22001457a 4500
005 20260303140223.0
008 260303b |||||||| |||| 00| 0 eng d
020 _a978-9966-57-560-9
100 _aONDIEKI, ISAAC
245 _aSPOTLIGHT PHYSICS: LEARNER'S BOOK, GRADE 10
260 _aNAIROBI
_bSPOTLIGHT PUBLISHERS (EA) LIMITED
_c2025
300 _aVI, 319P.
650 _aPHYSICS-TEXTBOOK-STUDY AND TEACHING (SECONDARY)
942 _2lcc
_cBK
999 _c216768
_d216768